书目信息 |
| 题名: |
端午节与赛龙舟
|
|
| 作者: | 谢冰 编著 | |
| 分册: | ||
| 出版信息: | 长春 吉林文史出版社 2018重印 |
|
| 页数: | 120页 | |
| 开本: | 23cm | |
| 丛书名: | 中国文化知识读本 | |
| 单 册: | ||
| 中图分类: | K892.18 , G852.9 | |
| 科图分类: | ||
| 主题词: | 节令--jie ling--风俗习惯--简介--中国 , 龙舟竞赛--long zhou jing sai--简介--中国 | |
| 电子资源: | ||
| ISBN: | 978-7-5463-1703-8 | |
| 000 | 01227nam 2200289 45 | |
| 001 | 012001009693 | |
| 005 | 20140103114401.0 | |
| 010 | @a978-7-5463-1703-8@dCNY34.80 | |
| 099 | @aCAL 012010199858 | |
| 100 | @a20100921d2010 ekmy0chiy0120 ea | |
| 101 | 0 | @achi |
| 102 | @aCN@b220000 | |
| 105 | @aac z 000yy | |
| 106 | @ar | |
| 200 | 1 | @a端午节与赛龙舟@Aduan wu jie yu sai long zhou@f编著谢冰 |
| 210 | @a长春@c吉林文史出版社@d2018重印 | |
| 215 | @a120页@c图, 肖像@d23cm | |
| 225 | 2 | @a中国文化知识读本@Azhong guo wen hua zhi shi du ben@f主编金开诚 |
| 330 | @a本书是由吉林出版集团有限责任公司和吉林文史出版社组织国内知名专家学者编写的一套旨在传播中华五千优秀传统文化,提高全民文化修养的大型知识读本。本书在深入挖掘和整理中华优秀传统文化成果的同时,结合社会发展,注入了时代精神。书中优美生动的文字、简明通俗的语言、图文并茂的形式,把中国文化中的物态文化、制度文化、行为文化、精神文化等知识要点全面展示给读者。 | |
| 410 | 0 | @12001 @a中国文化知识读本 |
| 606 | 0 | @a节令@Ajie ling@x风俗习惯@x简介@y中国 |
| 606 | 0 | @a龙舟竞赛@Along zhou jing sai@x简介@y中国 |
| 690 | @aK892.18@v4 | |
| 690 | @aG852.9@v4 | |
| 701 | 0 | @a谢冰@Axie bing@4编著 |
| 801 | 2 | @aCN@b上海新华@c20191020 |
| 905 | @b1189154-7@dK892.18@e320@f4 | |
| 端午节与赛龙舟/编著谢冰.-长春:吉林文史出版社,2018重印 |
| 120页:图, 肖像;23cm.-(中国文化知识读本/主编金开诚) |
| ISBN 978-7-5463-1703-8:CNY34.80 |
| 本书是由吉林出版集团有限责任公司和吉林文史出版社组织国内知名专家学者编写的一套旨在传播中华五千优秀传统文化,提高全民文化修养的大型知识读本。本书在深入挖掘和整理中华优秀传统文化成果的同时,结合社会发展,注入了时代精神。书中优美生动的文字、简明通俗的语言、图文并茂的形式,把中国文化中的物态文化、制度文化、行为文化、精神文化等知识要点全面展示给读者。 |
| ● |
| 相关链接 |
|
|
|
|
正题名:端午节与赛龙舟
索取号:K892.18/320
 
预约/预借
| 序号 | 登录号 | 条形码 | 馆藏地/架位号 | 状态 | 备注 |
| 1 | 1189154 | 211891540 | 第二样本阅览室/ [索取号:K892.18/320] | 在馆 | |
| 2 | 1189155 | 211891559 | 第二借阅区/ [索取号:K892.18/320] | 在馆 | |
| 3 | 1189156 | 211891568 | 第二借阅区/ [索取号:K892.18/320] | 在馆 | |
| 4 | 1189157 | 211891577 | 第二借阅区/ [索取号:K892.18/320] | 在馆 |